000 00587nam a2200229Ia 4500
003 OSt
005 20220918225549.0
006 a|||||r|||| 00| 0
007 ta
008 220917b |||||||| |||| 00| 0 eng d
024 _a242,717
037 _cTextual
040 _aARTS
_cARTS
_beng
041 _2eng
_aeng
082 _aNT3vN7, M1
100 _aMacleod Joseph
_9150675
245 0 _aActor's right to act
260 _aLondon
_bLawrence and Wishart Ltd
_c1981
650 _aARTS
942 _hNT3vN7, M1
_cTEXL
_2CC
999 _c285056
_d285056